000 00930cab a2200301 4500
001 ABS58460
008 090401t1998 xxu||||| |||| 00| 0 eng d
035 _a(Sirsi) u84880
041 _aeng
100 _aMcAndrews, P.
245 _aDisclaimer of business tenancies
260 _c1998
350 _a0
490 _aRent Review & Lease Renewal
_v18 (1) 1998 9-12(4)
520 _aA summary of recent case law concerning disclaimers of business tenancies.
650 _aBUSINESS TENANCIES
650 _aDISCLAIMERS
650 _aESSELTE AB V PEARL ASSURANCE PLC
650 _aHEADLEASES
650 _aHINDCASTLE V BARBARA ATTENBOROUGH ASSOCIATES
650 _aINSOLVENCY ACT 1986
650 _aLANDLORD AND TENANT ACT 1954 PART II
650 _aSTERLING ESTATES V PICKARD UK LTD AND OTHERS
650 _aSUBLEASES
690 _aLANDLORD AND TENANT-BUSINESS TENANCIES
942 _n0
948 _c13/03/1998
999 _c53382
_d53382